000 00360cam a2200145ua 4500
041 _aeng
_h
082 _a823.301
_bBIY/FO
100 _aBlytons, Emid .
245 _aFourteenth Tell-A Story book /
_cEmid Blyton`s.
_hTextual Documents
260 _a :
_bWorld Distributory ,
_c1963.
300 _a160 ; .
504 _a
942 _cBK
999 _c3446
_d3446